000 00299nam a2200133Ia 4500
008 210312s9999||||xx |||||||||||||| ||und||
041 _aosm
050 _aPL189
050 _bS46
100 _aŞemseddin Sami
245 0 _aKamus-i Türki
260 _c1317
650 _aDil--Türk dili--Sözlükler
999 _c22125
_d22125